| 000 | 00934nam a22002297a 4500 | ||
|---|---|---|---|
| 999 |
_c63361 _d63361 |
||
| 005 | 20240530110636.0 | ||
| 008 | 170925s2012 ua a f b 000 0 ara d | ||
| 017 |
_a2012/4206 _bمصر. دار الكتب |
||
| 020 | _a9789771808879 | ||
| 040 |
_aEG-CaGPL _cEG-CaGPL |
||
| 082 | 0 | 4 |
_221 _a305.56 \ _bق / ن ج |
| 100 | 0 | _aنوريس محمد سيف الدين | |
| 245 | 1 | 2 |
_aالجالية الفرنسية فى مصر : _b1882 - 1956 / _cتاليف محمد سيف الدين |
| 260 |
_aالقاهرة : _bمطبعة دار الكتب و الوثائق القومية بالقاهرة ، _c2012. |
||
| 300 |
_a363 ص. : _bجداول ؛ _c24 سم. |
||
| 490 | 0 |
_aمصر النهضة ؛ _v86 |
|
| 504 | _aيشتمل على ارجاعات ببليوجرافية | ||
| 650 | 0 | 7 |
_2qrmak _aالجاليات الاجنبية |
| 650 | 0 | 7 |
_2qrmak _aالجالية الفرنسية _zمصر |
| 942 |
_2ddc _cBK |
||